Premières phrases de chansons Disney / Pixar - Statistiques

Statistiques générales
  • Ce quiz a été pris 301 fois
  • Le résultat moyen est 11 sur 20
Statistiques - réponses
Première phrase Réponse % Correct
Je voudrais un bonhomme de neige La reine des neiges
100%
Attaquons l'exercice Mulan
89%
Je nettoie chaque placard Raiponce
88%
Je vais t'offrir un monde Aladdin
84%
Ne m'oublie pas Coco
80%
Dites à mes amis que je m'en vais Frère des ours
72%
Non Tamatoa n'avait pas autant de charme Vaiana
70%
Au matin de ta vie sur la planète Le roi lion
69%
Le roseau est toujours plus vert, dans le marais d'à côté La petite sirène
67%
A la maison, oui, y'a toutes les générations Encanto
62%
Les rêves des amoureux sont comme le bon vin Ratatouille
55%
Nuit, belle nuit La belle et le clochard
54%
Je suis le roi de la danse Le livre de la jungle
42%
Quand le vent se lève et m'appelle Rebelle
41%
Ne me manque pas de respect, mon petit La princesse et la grenouille
30%
Tout ce que tu fais, je le ferai Tarzan
29%
Toi qui crois que la Terre est ronde La planète au trésor
28%
Attention, la vaisselle Merlin l'enchanteur
10%
C'est une plaine au goût de miel La ferme se rebelle
3%
On t'en empêchera Atlantide, l'empire perdu
0%
Aucun quiz correspondant
Distribution des résultats
% des personnes avec chaque résultat
Percentile par nombre de réponses
Votre historique - résultats
Vous n’avez pas pris ce quiz